000 01196nam a2200325 c 4500
003 BLK
005 20180420224502.0
008 180408b bul|||||r ||||||| ||bul||
010 _aKNG00084400000
020 _a978-954-9761-43-6
_bиздат.: Световит
040 _aBLK
041 _aBUL
_cBUL
080 _aБългарска литература
_b821.163.2
_x-31
_z821.163.2-31
100 1 _aВеликова, Даниела Иванова
_eпърви автор
_9299415
139 _aВеликова, Даниела Иванова
_bВ 39
245 1 0 _aИскам го мъртъв!
_bРоман
_cДаниела Иванова Великова.
257 _aBGR
260 София
_bСветовит
_c2007
300 _a167 с.
_c20 см
380 _aX
490 1 _aБиблиотека Феникс : Съвременна българска проза
490 1 _3Подсерия
_aПоредица Свидетели на времето
_v12
500 _aОфс. изд.
653 _aромани
852 _aЦб 240479
856 4 _qpdf
_u
856 4 _qpdf
_u
942 _cKNG
_n0
944 _aCR
_c18.06.2008
_kЛюдмила_Стоянова
944 _aED
_c23.06.2008
_k
999 _c79917
_d79917